The tipping point : how little things can make a big difference

Bibliographic Details
Main Author: Gladwell, Malcolm
Format: Book
Published: London : ABACUS , 2000
Subjects:

MARC

LEADER 00000cam a2200000 7i4500
001 0000019893
005 20070814.0
020 |a 0349114463 
040 |a INS 
090 0 0 |a HM1033   |b G63 2000 
100 1 |a Gladwell, Malcolm 
245 1 4 |a The tipping point :   |b how little things can make a big difference   |c Malcolm Gladwell 
260 |a London :   |b ABACUS ,   |c 2000 
300 |a viii, 280 p. ;   |c 18 cm. 
500 |a Includes index 
650 0 0 |a Causation 
650 0 0 |a Context effects (Psychology) 
650 0 0 |a Psychology 
650 0 0 |a Social psychology 
999 |a 0000019001   |b BOOK   |c Open Shelf   |e Default branch